[Event "HZ Chess Tournament 2023"]
[Site "Vlissingen, Netherlands"]
[Date "2023.08.06"]
[Round "3.18"]
[White "Coenen, Tom"]
[Black "Czappa, Fabian Alexander"]
[Result "1/2-1/2"]
[WhiteElo "1465"]
[BlackElo "1766"]
[PlyCount "120"]

1. e4 e5 2. Nc3 Nc6 3. Nf3 Nf6 4. Bb5 d6 5. d3 Be7 6. O-O O-O 7. Be3 a6 8. Bc4
Na5 9. Qd2 Nxc4 10. dxc4 b6 11. Rfe1 Be6 12. b3 Ng4 13. Rad1 Nxe3 14. Qxe3 Bf6
15. Nd5 a5 16. a4 g6 17. Nxf6+ Qxf6 18. Qh6 Qg7 19. Qxg7+ Kxg7 20. Ng5 Bc8 21.
Re3 h6 22. Nf3 f5 23. Nd2 Bd7 24. Nb1 fxe4 25. Rxe4 Bc6 26. Re2 Rf4 27. Nc3
Raf8 28. Nd5 R8f7 29. g3 g5 30. Rdd2 h5 31. Ne3 Rf3 32. Nd5 Bb7 33. Re3 R3f5
34. Ree2 Bc8 35. Ne3 Rf3 36. Nd5 Be6 37. Re3 R3f5 38. Ree2 h4 39. Ne3 Rf3 40.
Rd3 Kg6 41. Nd5 Rxd3 42. cxd3 Bxd5 43. cxd5 hxg3 44. hxg3 Rf3 45. Re3 Rxe3 46.
fxe3 Kf6 47. e4 Ke7 48. Kf2 g4 49. Ke3 Kd7 50. d4 c6 51. dxe5 dxe5 52. Kd3 b5
53. dxc6+ Kxc6 54. axb5+ Kxb5 55. Kc3 Kc5 56. Kd3 Kb4 57. Kc2 a4 58. bxa4 Kxa4
59. Kc3 Kb5 60. Kb3 Kc5 1/2-1/2

[Event "HZ Chess Tournament 2023"]
[Site "Vlissingen, Netherlands"]
[Date "2023.08.06"]
[Round "3.19"]
[White "De Boer, Eelke"]
[Black "Arnold, Rhys"]
[Result "1-0"]
[WhiteElo "2270"]
[BlackElo "2098"]
[PlyCount "75"]

1. e4 c5 2. Nf3 Nc6 3. d4 cxd4 4. Nxd4 e5 5. Nb5 d6 6. N1c3 a6 7. Na3 Be6 8.
Nc4 Rb8 9. Nd5 Bxd5 10. exd5 Nce7 11. a4 Nf6 12. g4 h6 13. Bg2 g6 14. O-O Bg7
15. f4 O-O 16. fxe5 dxe5 17. d6 Nc6 18. g5 hxg5 19. Bxg5 Nd4 20. a5 Ne6 21. Bh4
g5 22. Bg3 Nf4 23. Nxe5 N6h5 24. Nc4 Qc8 25. Nb6 Qc5+ 26. Bf2 Qf5 27. Be3 Rfe8
28. Bxf4 Nxf4 29. d7 Red8 30. c3 Be5 31. Ra4 Kg7 32. Qf3 Rh8 33. h3 Rxh3 34.
Rxf4 Bxf4 35. Bxh3 Qxa5 36. Nd5 Rh8 37. b4 Qd8 38. Nxf4 1-0

[Event "HZ Chess Tournament 2023"]
[Site "Vlissingen, Netherlands"]
[Date "2023.08.06"]
[Round "3.20"]
[White "De Jong, Migchiel"]
[Black "Skutta, Bernd"]
[Result "1-0"]
[WhiteElo "2313"]
[BlackElo "1892"]
[PlyCount "71"]

1. e4 g6 2. d4 Bg7 3. Nf3 d6 4. Be2 Nf6 5. Nc3 a6 6. O-O O-O 7. a4 b6 8. Be3
Bb7 9. Nd2 e5 10. d5 Nbd7 11. Nc4 Ne8 12. Qd2 f5 13. exf5 gxf5 14. f4 e4 15.
Bd4 Nef6 16. Ne3 Ne8 17. g4 fxg4 18. Bxg4 Ndf6 19. Be6+ Kh8 20. Kh1 Bc8 21. f5
Bb7 22. Rf4 c5 23. dxc6 Bxc6 24. Rg1 Nh5 25. Rfg4 Nef6 26. Rg5 Ra7 27. a5 Rb7
28. axb6 h6 29. R5g2 Nf4 30. Rg3 N4h5 31. Rh3 Kh7 32. Qf2 Ng8 33. Ne2 Ngf6 34.
Nf4 Nxf4 35. Qxf4 Qe7 36. Rg6 1-0

[Event "HZ Chess Tournament 2023"]
[Site "Vlissingen, Netherlands"]
[Date "2023.08.06"]
[Round "3.21"]
[White "Haak, Eelco"]
[Black "Eidelman, Gabriel"]
[Result "1/2-1/2"]
[WhiteElo "1923"]
[BlackElo "2296"]
[PlyCount "120"]

1. d4 Nf6 2. Nf3 e6 3. g3 c5 4. c3 b6 5. Bg2 Bb7 6. O-O Be7 7. b3 O-O 8. Bb2 d5
9. Ne5 Qc7 10. Nd2 Rd8 11. Rc1 Nbd7 12. Ndf3 Nxe5 13. Nxe5 Nd7 14. Nxd7 Qxd7
15. Qd2 a5 16. dxc5 bxc5 17. Ba3 e5 18. Rfd1 Qe6 19. Qc2 e4 20. e3 Bc6 21. Rd2
Rd7 22. Rcd1 Rad8 23. Bb2 a4 24. a3 axb3 25. Qxb3 c4 26. Qc2 Ra8 27. Ra1 Ba4
28. Qc1 Rb8 29. Bf1 Rdb7 30. Be2 Rb5 31. Ra2 Bb3 32. Ra1 Ba4 33. Ra2 Ra8 34.
Ra1 g6 35. Ra2 h5 36. h4 Raa5 37. Ra1 Kh7 38. Ra2 Bb3 39. Ra1 Ba4 40. Ra2 Qb6
41. Ra1 Qb8 42. Ra2 Qb7 43. Ra1 Ra6 44. Ra2 Rab6 45. Kg2 Bd6 46. Bf1 Rb3 47.
Be2 R3b5 48. Bf1 Qe7 49. Be2 Be5 50. Ra1 Kg7 51. Ra2 Qf6 52. Ra1 g5 53. hxg5
Qxg5 54. Ra2 h4 55. g4 f5 56. Kh3 fxg4+ 57. Bxg4 Rf6 58. Qg1 Bg3 59. Bc8 Rc5
60. fxg3 hxg3 1/2-1/2

[Event "HZ Chess Tournament 2023"]
[Site "Vlissingen, Netherlands"]
[Date "2023.08.06"]
[Round "3.22"]
[White "De Zwart, Johan"]
[Black "Van der Hagen, Loek"]
[Result "0-1"]
[WhiteElo "1914"]
[BlackElo "2269"]
[PlyCount "130"]

1. e4 g6 2. d4 Bg7 3. Nc3 d6 4. f4 Nf6 5. Nf3 O-O 6. Bd3 Na6 7. O-O c5 8. e5
Nd7 9. exd6 exd6 10. f5 Nb4 11. fxg6 hxg6 12. Bg5 Bf6 13. Ne4 Bxg5 14. Nexg5
Nf6 15. dxc5 dxc5 16. Bc4 Qxd1 17. Raxd1 Kg7 18. Ne5 Ng4 19. Nxg4 Bxg4 20. Rd2
f6 21. Ne6+ Bxe6 22. Bxe6 Rad8 23. Rfd1 Nc6 24. Rd7+ Kh6 25. Rxd8 Nxd8 26. Bd5
Re8 27. Kf2 b6 28. c4 Ne6 29. Re1 Nc7 30. Rxe8 Nxe8 31. Ke3 Kg5 32. Be6 Nd6 33.
a3 a5 34. g3 f5 35. Kf3 Kf6 36. Bd5 Ke5 37. Ke3 b5 38. b3 b4 39. axb4 axb4 40.
h4 Nc8 41. Bf7 Kf6 42. Be8 Nd6 43. Bc6 Nf7 44. Kf4 Ne5 45. Ba4 Nd3+ 46. Ke3 Ne1
47. Kf4 Nc2 48. Bd7 Nd4 49. Ba4 Ne6+ 50. Ke3 g5 51. Bd7 Nd4 52. Ba4 Kg6 53.
Be8+ Kh6 54. hxg5+ Kxg5 55. Ba4 Kg4 56. Kf2 Nf3 57. Bd7 Nd2 58. Ba4 Ne4+ 59.
Ke3 Nxg3 60. Bd7 Ne4 61. Bc6 Nf6 62. Bf3+ Kg3 63. Ke2 Nh7 64. Bh5 Ng5 65. Ke3
f4+ 0-1

[Event "HZ Chess Tournament 2023"]
[Site "Vlissingen, Netherlands"]
[Date "2023.08.06"]
[Round "3.23"]
[White "Van Gemert, Rogier"]
[Black "Smeets, Kobe"]
[Result "0-1"]
[WhiteElo "1913"]
[BlackElo "2245"]
[PlyCount "73"]

1. Nf3 d5 2. d4 Nf6 3. Bf4 c5 4. dxc5 e6 5. e3 Bxc5 6. c3 O-O 7. Nbd2 Nc6 8.
Bd3 h6 9. h3 Bd6 10. Bxd6 Qxd6 11. Qe2 Rd8 12. O-O e5 13. Bb5 Bf5 14. Rac1 e4
15. Nd4 Nxd4 16. exd4 Bg6 17. Ba4 Nh5 18. Bc2 f5 19. Rfe1 Nf4 20. Qf1 Be8 21.
g3 Ne6 22. Qg2 Bc6 23. Bb3 Kh8 24. Bd1 f4 25. Bg4 Rf8 26. Bxe6 Qxe6 27. gxf4
Rxf4 28. Nf1 Raf8 29. Rc2 Rf3 30. Re3 Bd7 31. h4 Qe7 32. Qh2 R3f4 33. Rg3 Rxh4
34. Qg2 Rf5 35. Ne3 Rfh5 36. Ng4 Rxg4 37. Rxg4 0-1

[Event "HZ Chess Tournament 2023"]
[Site "Vlissingen, Netherlands"]
[Date "2023.08.06"]
[Round "3.24"]
[White "Woltery, Nicolai"]
[Black "Van der Kaap, Jos"]
[Result "0-1"]
[WhiteElo "1894"]
[BlackElo "2224"]
[PlyCount "84"]

1. c4 e5 2. Nc3 Bb4 3. Nd5 Be7 4. d4 d6 5. e4 exd4 6. Qxd4 Nf6 7. Ne2 Nc6 8.
Qd3 Ne5 9. Qc2 O-O 10. Nxe7+ Qxe7 11. Bg5 h6 12. Bxf6 Qxf6 13. Nc3 Be6 14. Nd5
Bxd5 15. cxd5 c6 16. Be2 Qg6 17. O-O cxd5 18. f4 Nd7 19. f5 Qf6 20. exd5 Qd4+
21. Kh1 Rac8 22. Qb3 Rfe8 23. Bb5 Re3 24. Qd1 Qxd1 25. Raxd1 Nf6 26. Ba4 Re2
27. Bb3 Rc5 28. h3 Rxb2 29. Rfe1 Kf8 30. Kg1 b5 31. Rd3 a5 32. a4 b4 33. Ree3
Nd7 34. Bd1 Ne5 35. Rd4 Rc4 36. Rxc4 Nxc4 37. Re4 Ne5 38. Re3 Rb1 39. Re1 b3
40. Rf1 Nd3 41. g4 Nc5 42. f6 gxf6 0-1

[Event "HZ Chess Tournament 2023"]
[Site "Vlissingen, Netherlands"]
[Date "2023.08.06"]
[Round "3.25"]
[White "Tiggelman, Rene"]
[Black "Hendrikse, Ad"]
[Result "1-0"]
[WhiteElo "2201"]
[BlackElo "1894"]
[PlyCount "69"]

1. d4 e5 2. dxe5 d6 3. Nf3 Bg4 4. Qd4 Qd7 5. exd6 Nf6 6. dxc7 Qxc7 7. Qe5+ Qxe5
8. Nxe5 Bf5 9. c3 Bd6 10. Nc4 Bc7 11. Nba3 a6 12. Be3 Nbd7 13. Bd4 b5 14. Ne3
Be4 15. f3 Bb7 16. Nf5 O-O 17. e3 Rfe8 18. Kf2 Ne5 19. Be2 Rad8 20. Rhd1 g6 21.
Ng3 Rd6 22. Nc2 h5 23. a4 h4 24. Nf1 Bc6 25. axb5 Bxb5 26. Bxb5 axb5 27. Bxe5
Rxd1 28. Rxd1 Rxe5 29. Nd4 Bb6 30. Ra1 Nd7 31. b4 Kg7 32. Nd2 Rd5 33. N2b3 Ne5
34. Ra6 Nc4 35. Na5 1-0

[Event "HZ Chess Tournament 2023"]
[Site "Vlissingen, Netherlands"]
[Date "2023.08.06"]
[Round "3.26"]
[White "Nieuwelink, Kees"]
[Black "Larsen, Harald"]
[Result "0-1"]
[WhiteElo "2165"]
[BlackElo "1893"]
[PlyCount "96"]

1. e4 c5 2. Nf3 e6 3. d4 cxd4 4. Nxd4 Nf6 5. Nc3 Nc6 6. Nxc6 bxc6 7. e5 Nd5 8.
Ne4 Bb7 9. c4 Nb4 10. Bd2 c5 11. Ng3 Be7 12. Bc3 f5 13. a3 Nc6 14. Qh5+ g6 15.
Qh6 Kf7 16. h4 Nd4 17. O-O-O Qc7 18. Qe3 d6 19. Bxd4 cxd4 20. Qxd4 dxe5 21. Qc3
f4 22. Ne2 Rad8 23. f3 Rxd1+ 24. Kxd1 Rd8+ 25. Kc2 e4 26. Nc1 Bf6 27. Qb3 Bc6
28. Qa2 Rb8 29. b4 a5 30. Qb3 axb4 31. axb4 Be7 32. Na2 Ra8 33. Nc3 Ra1 34. b5
Bb7 35. h5 g5 36. fxe4 Qa5 37. e5 Bb4 38. Nb1 Ra2+ 39. Kd1 Bxg2 40. Bxg2 Rxg2
41. Qd3 Kf8 42. Kc1 Bc5 43. Rf1 Ke8 44. Rf3 Qe1+ 45. Qd1 Be3+ 46. Rxe3 Qxe3+
47. Nd2 Qc3+ 48. Kb1 Rxd2 0-1

[Event "HZ Chess Tournament 2023"]
[Site "Vlissingen, Netherlands"]
[Date "2023.08.06"]
[Round "3.27"]
[White "Weber, Dirk"]
[Black "Hazenberg, Frans"]
[Result "1/2-1/2"]
[WhiteElo "2151"]
[BlackElo "1891"]
[PlyCount "62"]

1. c4 c5 2. Nc3 Nc6 3. Nf3 g6 4. e3 Bg7 5. Be2 e6 6. d4 cxd4 7. exd4 d5 8. O-O
Nf6 9. Bf4 O-O 10. c5 Ne4 11. Rc1 Re8 12. Re1 Nxc3 13. Rxc3 e5 14. dxe5 Nxe5
15. Re3 Nxf3+ 16. Bxf3 Rxe3 17. Rxe3 Be6 18. b4 Qd7 19. Rd3 d4 20. a4 Re8 21.
b5 Bd5 22. h3 Be4 23. Bxe4 Rxe4 24. Bg3 Qe7 25. Qc2 Be5 26. c6 bxc6 27. bxc6
Bxg3 28. fxg3 Re2 29. Qc4 Qc7 30. Rxd4 Re6 31. Rf4 Qxc6 1/2-1/2

[Event "HZ Chess Tournament 2023"]
[Site "Vlissingen, Netherlands"]
[Date "2023.08.06"]
[Round "3.28"]
[White "Vandevenne, Sander"]
[Black "Van der Pluijm, Dik"]
[Result "1/2-1/2"]
[WhiteElo "2125"]
[BlackElo "1885"]
[PlyCount "24"]

1. e4 e6 2. Nf3 d5 3. Nc3 Nf6 4. e5 Nfd7 5. d4 c5 6. dxc5 Bxc5 7. Bd3 Nc6 8.
Bf4 a6 9. O-O b5 10. Qe2 Be7 11. g4 Nc5 12. Rad1 b4 1/2-1/2

[Event "HZ Chess Tournament 2023"]
[Site "Vlissingen, Netherlands"]
[Date "2023.08.06"]
[Round "3.29"]
[White "Molenaar, Toine"]
[Black "Verduyn, Frederic"]
[Result "0-1"]
[WhiteElo "1890"]
[BlackElo "2119"]
[PlyCount "74"]

1. d4 Nf6 2. c4 e6 3. Nf3 d5 4. g3 dxc4 5. Bg2 c5 6. O-O Nc6 7. e3 cxd4 8. Nxd4
Nxd4 9. exd4 Be7 10. Be3 Nd5 11. Qe2 Bd7 12. Nd2 b5 13. Nf3 O-O 14. a4 bxa4 15.
Ne5 Bb5 16. Be4 Rc8 17. Rfc1 f5 18. Bb1 Nxe3 19. Qxe3 Qd5 20. Ba2 Rfd8 21. Rd1
Bf6 22. f4 Ba6 23. Qf3 Bxe5 24. Qxd5 Rxd5 25. dxe5 Rb8 26. Rdc1 Rb4 27. Rc2 Rd4
28. Rac1 Kf7 29. Kf2 Ke7 30. Ke3 Rd3+ 31. Ke2 Rdb3 32. Ke1 Rxb2 33. Rxb2 Rxb2
34. Bxc4 Bxc4 35. Rxc4 a3 36. Rc7+ Kd8 37. Rxa7 a2 0-1

[Event "HZ Chess Tournament 2023"]
[Site "Vlissingen, Netherlands"]
[Date "2023.08.06"]
[Round "3.30"]
[White "De Man, Luuk"]
[Black "Loef, Dirk"]
[Result "1/2-1/2"]
[WhiteElo "1889"]
[BlackElo "2082"]
[PlyCount "52"]

1. e4 c5 2. Nf3 Nc6 3. d4 cxd4 4. Nxd4 e5 5. Nb5 a6 6. Nd6+ Bxd6 7. Qxd6 Qf6 8.
Qd1 Qg6 9. Nc3 Nge7 10. Be3 d5 11. exd5 Nb4 12. Bd3 Bf5 13. Bxf5 Nxf5 14. O-O
Nxe3 15. fxe3 Nxc2 16. Rc1 Nxe3 17. Qe2 Nxf1 18. Qxe5+ Kf8 19. Rxf1 Qb6+ 20.
Kh1 Re8 21. Qf4 Qf6 22. Qc4 b5 23. Qd3 Qg6 24. Qd4 Qf6 25. Qd3 Qg6 26. Qd4 Qf6
1/2-1/2

[Event "HZ Chess Tournament 2023"]
[Site "Vlissingen, Netherlands"]
[Date "2023.08.06"]
[Round "3.31"]
[White "Lacrosse, Marc"]
[Black "Fischer, Gert"]
[Result "1/2-1/2"]
[WhiteElo "2063"]
[BlackElo "1890"]
[PlyCount "42"]

1. d4 Nf6 2. c4 c5 3. d5 b5 4. cxb5 a6 5. e3 axb5 6. Bxb5 Qa5+ 7. Nc3 Bb7 8.
Bd2 Qb6 9. Nf3 Nxd5 10. a4 e6 11. O-O Be7 12. e4 Nb4 13. Bf4 Qd8 14. Qd2 O-O
15. Bxb8 Qxb8 16. Qxd7 Bf6 17. Qd2 Rd8 18. Qe2 Nc6 19. Bxc6 Bxc6 20. Qc2 Qb4
21. Rfe1 Rdb8 1/2-1/2

[Event "HZ Chess Tournament 2023"]
[Site "Vlissingen, Netherlands"]
[Date "2023.08.06"]
[Round "3.32"]
[White "Juergens, Florian"]
[Black "Bakker, Jouke"]
[Result "1/2-1/2"]
[WhiteElo "1874"]
[BlackElo "2051"]
[PlyCount "133"]

1. e4 c5 2. c3 Nf6 3. e5 Nd5 4. d4 cxd4 5. cxd4 d6 6. Bc4 Nb6 7. Bb5+ Bd7 8. e6
Bxb5 9. Qh5 Qc8 10. Qxb5+ Kd8 11. Nc3 Qxe6+ 12. Nge2 Qc4 13. Qf5 Nc6 14. Be3
Qe6 15. Qf3 Qf6 16. Qe4 Qg6 17. Qf3 e6 18. d5 Ne5 19. Bxb6+ axb6 20. Qe3 Ra6
21. O-O Be7 22. Rfd1 Ng4 23. Qg3 e5 24. Rac1 Nh6 25. Qh3 Qf5 26. Qxf5 Nxf5 27.
a4 Kd7 28. Nb5 Rb8 29. b3 Bd8 30. Rc4 Raa8 31. Rdc1 Ne7 32. Nec3 f5 33. g4 Rc8
34. gxf5 Rxc4 35. bxc4 Nxf5 36. Kg2 Bg5 37. Rc2 Nd4 38. Nxd4 exd4 39. Ne4 d3
40. Rc3 Bf4 41. Rxd3 Rxa4 42. Rf3 g5 43. Rh3 Rxc4 44. Rxh7+ Kc8 45. Rh8+ Kc7
46. Kf3 Rd4 47. Rh7+ Kb8 48. Nf6 b5 49. h4 gxh4 50. Rxh4 Be5 51. Rxd4 Bxd4 52.
Ne4 Kc7 53. Ke2 Be5 54. Ke3 b4 55. f4 Bg7 56. Kd3 b5 57. f5 Kd7 58. f6 Bh6 59.
Kc2 Be3 60. Kb3 Bc5 61. Kc2 Bb6 62. Kb3 Ba5 63. Kc2 b3+ 64. Kxb3 Be1 65. Kc2
Ba5 66. Kb3 Be1 67. Kc2 1/2-1/2

[Event "HZ Chess Tournament 2023"]
[Site "Vlissingen, Netherlands"]
[Date "2023.08.06"]
[Round "3.33"]
[White "Bier, Bela"]
[Black "Snijders, Frans"]
[Result "1/2-1/2"]
[WhiteElo "2008"]
[BlackElo "1873"]
[PlyCount "151"]

1. d4 f5 2. Bg5 g6 3. e3 Bg7 4. h4 c5 5. c3 Qb6 6. Qd2 Nf6 7. Bxf6 Bxf6 8. Na3
cxd4 9. exd4 Nc6 10. Nc4 Qc7 11. h5 g5 12. Bd3 d5 13. Ne3 e6 14. Kf1 Bd7 15.
Ne2 Ne7 16. Rc1 Qa5 17. b4 Qb6 18. Bb1 a5 19. a3 axb4 20. axb4 Ra4 21. g3 Kf7
22. Kg2 Rc8 23. Nd1 Bb5 24. Nb2 Ra3 25. Bd3 Ra2 26. Rc2 Bc6 27. Re1 Rca8 28.
Kh2 h6 29. Nc1 Ra1 30. Nb3 Rxe1 31. Qxe1 Qa7 32. Nc5 b6 33. Qxe6+ Kg7 34. Na6
Bd7 35. Qe1 Be8 36. b5 Qd7 37. Re2 Bxh5 38. Re5 Bf3 39. Kg1 Qe8 40. Bf1 Qh5 41.
Bg2 Bxg2 42. Kxg2 Ra7 43. Nd3 f4 44. Qe2 Qxe2 45. Rxe2 fxg3 46. fxg3 Nf5 47.
Ndb4 Nd6 48. Nxd5 Nxb5 49. Nab4 Ra3 50. Re6 Bd8 51. Nc6 Ra8 52. c4 Na3 53. Rd6
Nxc4 54. Rd7+ Kg6 55. Nxd8 Ra2+ 56. Kf3 Nd2+ 57. Ke3 Nf1+ 58. Kd3 Nxg3 59. Ne7+
Kh5 60. Rd6 b5 61. Nf7 Ra3+ 62. Kc2 Ra7 63. Rxh6+ Kg4 64. Ne5+ Kf4 65. Nd3+ Ke4
66. Nc5+ Ke3 67. Re6+ Kf3 68. d5 Ne2 69. Kb2 Nf4 70. Rf6 Rxe7 71. d6 Re2+ 72.
Kc1 Re1+ 73. Kc2 Re2+ 74. Kc1 Re1+ 75. Kc2 Re2+ 76. Kc1 1/2-1/2

[Event "HZ Chess Tournament 2023"]
[Site "Vlissingen, Netherlands"]
[Date "2023.08.06"]
[Round "3.34"]
[White "Van der Werf, Joel"]
[Black "Pluymert, Marcel"]
[Result "1-0"]
[WhiteElo "1993"]
[BlackElo "1854"]
[PlyCount "56"]

1. e4 c6 2. d4 d5 3. e5 c5 4. dxc5 Nc6 5. f4 e6 6. Be3 Nge7 7. c3 Nf5 8. Bf2 a5
9. Nf3 Be7 10. Na3 d4 11. cxd4 b6 12. Nb5 O-O 13. Bd3 bxc5 14. dxc5 Ba6 15. Nd6
Bxd3 16. Qxd3 Nb4 17. Qd2 Bxd6 18. exd6 Qd7 19. O-O Qb7 20. Rfd1 Nd5 21. Nd4
Nxd4 22. Bxd4 Qc6 23. b3 Rfb8 24. Kh1 h6 25. f5 Rb4 26. fxe6 fxe6 27. Rf1 g5
28. Qd3 Nf4 1-0

[Event "HZ Chess Tournament 2023"]
[Site "Vlissingen, Netherlands"]
[Date "2023.08.06"]
[Round "3.35"]
[White "Gosman, Theo"]
[Black "Bon, Gijs"]
[Result "1/2-1/2"]
[WhiteElo "1986"]
[BlackElo "1787"]
[PlyCount "101"]

1. d4 Nf6 2. Nc3 d5 3. e4 dxe4 4. Bg5 Bf5 5. f3 Nbd7 6. g4 Bg6 7. Qe2 exf3 8.
Nxf3 c6 9. O-O-O Qa5 10. Ne5 e6 11. h4 Nd5 12. Nxd5 Qxd5 13. Nxd7 Kxd7 14. Kb1
Qxh1 15. Bg2 Qxd1+ 16. Qxd1 Bd6 17. Qf3 f6 18. Be3 h6 19. a3 Rae8 20. Bh3 Kc7
21. Qf2 Be4 22. Bf1 b6 23. Ka2 e5 24. Bc4 exd4 25. Bxd4 Be5 26. Be3 Rd8 27. Qe1
Bd5 28. Qb4 Bd6 29. Qa4 Bxc4+ 30. Qxc4 Rhe8 31. Bf2 Kb7 32. a4 a5 33. Qb3 c5
34. Qb5 Re4 35. Qd3 Rxa4+ 36. Kb1 Bc7 37. Qe2 Rf4 38. c3 h5 39. gxh5 Kb8 40.
Bg3 Rf5 41. Qg4 Rf1+ 42. Ka2 Rfd1 43. Bxc7+ Kxc7 44. Qxg7+ R1d7 45. Qxf6 Re8
46. h6 Ree7 47. Kb3 Kb7 48. Ka4 Ka6 49. Qf1+ Ka7 50. Kb5 Rb7 51. Qf6 1/2-1/2

[Event "HZ Chess Tournament 2023"]
[Site "Vlissingen, Netherlands"]
[Date "2023.08.06"]
[Round "3.36"]
[White "Riksen, John"]
[Black "De Jong, Quint"]
[Result "1-0"]
[WhiteElo "1981"]
[BlackElo "1509"]
[PlyCount "61"]

1. Nf3 d5 2. d4 Nf6 3. e3 e6 4. c4 c5 5. Nc3 cxd4 6. exd4 Nc6 7. h3 dxc4 8.
Bxc4 a6 9. a3 b5 10. Be2 Bb7 11. O-O Be7 12. Be3 O-O 13. b4 Rc8 14. Rc1 Nd5 15.
Qb3 Nxe3 16. fxe3 Bg5 17. Nxg5 Qxg5 18. Ne4 Qg6 19. Bf3 Nxd4 20. exd4 Bxe4 21.
Rc5 Rfd8 22. Qe3 Bxf3 23. Qxf3 Rb8 24. Rc7 f6 25. Qc6 Qg3 26. Qxe6+ Kh8 27.
Rfc1 Qxa3 28. Qe7 Qg3 29. R1c3 Qg6 30. Kh2 h6 31. Rg3 1-0

[Event "HZ Chess Tournament 2023"]
[Site "Vlissingen, Netherlands"]
[Date "2023.08.06"]
[Round "3.38"]
[White "De Cuyper, Yago"]
[Black "Duson, Robin"]
[Result "0-1"]
[WhiteElo "1842"]
[BlackElo "2140"]
[PlyCount "66"]

1. d4 Nf6 2. c4 e6 3. Nf3 d5 4. Nc3 Nbd7 5. Bg5 Bb4 6. e3 c5 7. cxd5 exd5 8.
Rc1 Qa5 9. Qc2 Qxa2 10. Bd3 c4 11. Bf5 O-O 12. O-O Bxc3 13. Qxc3 Qa6 14. b3 b5
15. Nd2 Qc6 16. Rfe1 Nb6 17. Bb1 Re8 18. Bxf6 Qxf6 19. e4 Be6 20. e5 Qh6 21.
Rf1 Rac8 22. Qa5 Bd7 23. f4 Rc7 24. Qc3 Rec8 25. b4 Na4 26. Qf3 Qb6 27. Qf2 a5
28. f5 axb4 29. f6 Nc3 30. Bxh7+ Kxh7 31. Qh4+ Kg8 32. Qg5 Qxd4+ 33. Kh1 Qg4
0-1

[Event "HZ Chess Tournament 2023"]
[Site "Vlissingen, Netherlands"]
[Date "2023.08.06"]
[Round "3.39"]
[White "Krasenkowa, Elena"]
[Black "Van Dijkhuizen, Robbert"]
[Result "1-0"]
[WhiteElo "2137"]
[BlackElo "1897"]
[PlyCount "121"]

1. d4 Nf6 2. Nc3 d5 3. Bf4 c6 4. e3 g6 5. Bd3 Bg7 6. h3 Nbd7 7. Nf3 O-O 8. O-O
Re8 9. g4 e6 10. b4 Qe7 11. Rb1 b6 12. Qd2 c5 13. bxc5 bxc5 14. Bb5 Bb7 15.
Bxd7 Qxd7 16. Ne5 Qe7 17. dxc5 Ba6 18. Rfc1 Qxc5 19. Na4 Qe7 20. Qa5 Bc4 21.
Nxc4 dxc4 22. Qa6 Ne4 23. Qb7 Qa3 24. Qxe4 Qxa4 25. Be5 Rad8 26. Rb7 Bxe5 27.
Qxe5 Rd7 28. Rb8 Rxb8 29. Qxb8+ Kg7 30. Qe5+ Kg8 31. Rb1 Rd8 32. Qf6 Qd7 33. a4
Rc8 34. a5 Qc7 35. a6 Rb8 36. Qa1 Rxb1+ 37. Qxb1 Kg7 38. Qb5 h6 39. c3 Qc8 40.
Kg2 Qc7 41. Kf3 Qh2 42. Qxc4 e5 43. Ke2 Qxh3 44. Qe4 Qh2 45. c4 Kf6 46. Qf3+
Kg7 47. Qd5 f5 48. Qd7+ Kf6 49. Qxa7 Qg2 50. Qb6+ Kg5 51. gxf5 Qg4+ 52. Kd2
Qxf5 53. e4 Qd7+ 54. Ke2 Qa4 55. Qe3+ Kf6 56. a7 Qxc4+ 57. Kf3 Qa4 58. Qb6+ Kg5
59. Qd8+ Kh5 60. a8=Q Qb3+ 61. Kg2 1-0

[Event "HZ Chess Tournament 2023"]
[Site "Vlissingen, Netherlands"]
[Date "2023.08.06"]
[Round "3.40"]
[White "Maters, Arthur"]
[Black "Kaufmann, Thomas"]
[Result "1-0"]
[WhiteElo "2131"]
[BlackElo "1862"]
[PlyCount "65"]

1. e4 c5 2. Nf3 d6 3. d4 cxd4 4. Nxd4 Nf6 5. Nc3 Nc6 6. Bg5 e5 7. Ndb5 a6 8.
Na3 b5 9. Nd5 Be7 10. Bxf6 Bxf6 11. c3 O-O 12. Nc2 Bg5 13. h4 Bh6 14. Bd3 Ne7
15. Nce3 Bxe3 16. Nxe3 f5 17. exf5 Nxf5 18. Qf3 Nxe3 19. Qxa8 Qb6 20. Qe4 Nc2+
21. Bxc2 Qxf2+ 22. Kd1 Bf5 23. Bb3+ Kh8 24. Qe2 Qg3 25. Rf1 Rf6 26. Kd2 Qxh4
27. Rae1 Qg5+ 28. Qe3 Qxg2+ 29. Rf2 Qg6 30. Ref1 e4 31. Rxf5 Rxf5 32. Qxe4 Qg5+
33. Kc2 1-0

[Event "HZ Chess Tournament 2023"]
[Site "Vlissingen, Netherlands"]
[Date "2023.08.06"]
[Round "3.41"]
[White "Emans, Job"]
[Black "Hematyar, Fardin"]
[Result "1-0"]
[WhiteElo "2084"]
[BlackElo "1810"]
[PlyCount "63"]

1. d4 d5 2. Nf3 Nf6 3. c4 c6 4. Nc3 e6 5. Bg5 dxc4 6. e4 b5 7. e5 h6 8. Bh4 g5
9. Nxg5 hxg5 10. Bxg5 Nbd7 11. g3 Bb7 12. Bg2 Rg8 13. h4 Qc7 14. exf6 O-O-O 15.
O-O Nb6 16. Qh5 Nd5 17. Ne4 a5 18. a3 Bd6 19. Rac1 a4 20. Rfd1 Rh8 21. Nxd6+
Qxd6 22. Qxf7 Rdf8 23. Qg6 Rhg8 24. Qe4 Nxf6 25. Bxf6 Rxf6 26. Qe5 Qd8 27. Bh3
Re8 28. Re1 Qe7 29. Re2 Kd7 30. Rce1 Qf7 31. f4 Bc8 32. d5 1-0

[Event "HZ Chess Tournament 2023"]
[Site "Vlissingen, Netherlands"]
[Date "2023.08.06"]
[Round "3.42"]
[White "Nellen, Marcel"]
[Black "Van Batenburg, Mees"]
[Result "0-1"]
[WhiteElo "1809"]
[BlackElo "2080"]
[PlyCount "22"]

1. d4 e6 2. c4 f5 3. e4 fxe4 4. Qh5+ g6 5. Qe5 Nf6 6. Bg5 Bg7 7. Bxf6 Qxf6 8.
Qxc7 O-O 9. Nh3 Qxd4 10. Nc3 e3 11. f4 Qd2# 0-1

[Event "HZ Chess Tournament 2023"]
[Site "Vlissingen, Netherlands"]
[Date "2023.08.06"]
[Round "3.43"]
[White "Van Houtte, Randy"]
[Black "Kompaan, Rick"]
[Result "1-0"]
[WhiteElo "2079"]
[BlackElo "1771"]
[PlyCount "45"]

1. c4 c6 2. e4 d5 3. cxd5 cxd5 4. exd5 Nf6 5. Bb5+ Bd7 6. Bc4 b5 7. Bb3 Bg4 8.
f3 Bf5 9. d4 Nxd5 10. a3 e6 11. Nc3 Nxc3 12. bxc3 Bd6 13. f4 Qc7 14. Ne2 Bg4
15. O-O Bxe2 16. Qxe2 Qxc3 17. Qxb5+ Nd7 18. Ba4 Qxd4+ 19. Kh1 Rd8 20. Bb2 Qe4
21. Rae1 Qa8 22. Rd1 Ke7 23. Rxd6 1-0

[Event "HZ Chess Tournament 2023"]
[Site "Vlissingen, Netherlands"]
[Date "2023.08.06"]
[Round "3.45"]
[White "Bazilius, Augustinas"]
[Black "Macquoy, Ruben"]
[Result "1-0"]
[WhiteElo "2052"]
[BlackElo "1764"]
[PlyCount "47"]

1. d4 d5 2. c4 e6 3. Nf3 Nf6 4. g3 dxc4 5. Bg2 Nc6 6. O-O Rb8 7. e3 Be7 8. Nfd2
Bd7 9. Nxc4 O-O 10. e4 Re8 11. Nc3 Bf8 12. b3 e5 13. d5 Nd4 14. Nxe5 Rxe5 15.
Qxd4 Rh5 16. e5 Ng4 17. Bf3 Rg5 18. Bxg5 Qxg5 19. e6 Ne5 20. Bg2 fxe6 21. f4
Nf3+ 22. Bxf3 Qh6 23. dxe6 b6 24. Qxd7 1-0

[Event "HZ Chess Tournament 2023"]
[Site "Vlissingen, Netherlands"]
[Date "2023.08.06"]
[Round "3.46"]
[White "Kindt, Manfred"]
[Black "Muskens, Mink"]
[Result "1-0"]
[WhiteElo "2045"]
[BlackElo "1719"]
[PlyCount "65"]

1. e4 c5 2. Nf3 d6 3. d4 cxd4 4. Qxd4 Nc6 5. Bb5 Bd7 6. Bxc6 Bxc6 7. Nc3 Nf6 8.
Bg5 Qb6 9. Bxf6 gxf6 10. Qxb6 axb6 11. Nd5 Bxd5 12. exd5 Bh6 13. g3 Ra5 14. c4
Rc5 15. b3 b5 16. cxb5 Rxd5 17. a4 Rd3 18. Ke2 Rxb3 19. Rhd1 Kd7 20. Nd4 Rb2+
21. Kf3 Rc8 22. a5 Rc3+ 23. Kg2 Be3 24. a6 Bxd4 25. Rxd4 bxa6 26. bxa6 Rb8 27.
Rh4 Rh8 28. Rb4 Ra8 29. Rh4 Rh8 30. a7 Rcc8 31. Rb1 f5 32. Rb7+ Ke6 33. Rhb4
1-0

[Event "HZ Chess Tournament 2023"]
[Site "Vlissingen, Netherlands"]
[Date "2023.08.06"]
[Round "3.47"]
[White "De Feijter, David"]
[Black "Manshanden, Nick"]
[Result "0-1"]
[WhiteElo "1781"]
[BlackElo "2040"]
[PlyCount "60"]

1. f4 Nf6 2. Nf3 g6 3. g3 Bg7 4. Bg2 c5 5. d3 Nc6 6. O-O O-O 7. e4 d6 8. Nc3
Rb8 9. h3 b5 10. g4 b4 11. Ne2 a5 12. Qe1 Qc7 13. Qh4 Ba6 14. f5 c4 15. Nf4 Ne5
16. Nxe5 dxe5 17. g5 Qb6+ 18. Kh1 exf4 19. Bxf4 Nh5 20. Bxb8 Qxb8 21. Rf3 Bxb2
22. Raf1 Be5 23. fxg6 hxg6 24. Rd1 Ng3+ 25. Kg1 Bd4+ 26. Rf2 f6 27. Qh6 Bxf2+
28. Kxf2 fxg5+ 29. Ke1 Qb6 30. Kd2 Qf6 0-1

[Event "HZ Chess Tournament 2023"]
[Site "Vlissingen, Netherlands"]
[Date "2023.08.06"]
[Round "3.48"]
[White "Boeren, Jurriaan"]
[Black "Kempfer, Justus"]
[Result "1-0"]
[WhiteElo "2039"]
[BlackElo "1711"]
[PlyCount "33"]

1. e4 d5 2. exd5 Qxd5 3. Nc3 Qa5 4. d4 Nf6 5. Nf3 Bg4 6. h3 Bh5 7. g4 Bg6 8.
Ne5 Nbd7 9. Bg2 Be4 10. f3 Bg6 11. f4 Be4 12. Qe2 Bxg2 13. Qxg2 c6 14. Bd2 Qb6
15. O-O-O Qxd4 16. Rhe1 O-O-O 17. Nxf7 1-0